[Event "Idaho Closed"]
[Site "Boise, ID"]
[Date "2012.02.19"]
[Round "4.12"]
[White "Pemsler, Carmen"]
[Black "Porth, Desmond"]
[Result "1-0"]
[WhiteElo "1320"]
[BlackElo "765"]

1. c4 e6 2. Nc3 d5 3. cxd5 exd5 4. d4 Nf6 5. g3 c5 6. Bg2 Be6 7. Bf4 Nbd7 8.
Nf3 cxd4 9. Nxd4 Bc5 10. O-O Qe7 11. Ndb5 O-O 12. Nxd5 Bxd5 13. Bxd5 Nxd5 14.
Qxd5 Nf6 15. Qf3 a6 16. Nc7 Rad8 17. Rad1 Rxd1 18. Rxd1 Rd8 19. e3 Bd6 20.
Bxd6 Rxd6 21. Rxd6 Qxd6 22. Qxb7 h6 23. Nxa6 g5 24. Qb8+ Qxb8 25. Nxb8 Kf8 26.
Nc6 Nd5 27. b4 Ke8 28. a4 Kd7 29. Ne5+ Ke6 30. Nd3 Kd6 31. Kf1 Kc6 32. Ne5+
Kb6 33. Nxf7 Nxb4 34. Nxh6 Ka5 35. Nf7 g4 36. Ne5 Kxa4 37. Nxg4 Kb5 38. h4 Nd5
39. h5 Ne7 40. Ne5 Kc5 41. h6 {#r} 1-0

[Event "Idaho Closed"]
[Site "Boise, ID"]
[Date "2012.02.20"]
[Round "6.13"]
[White "Hamilton, Brett B"]
[Black "Porth, Desmond"]
[Result "1-0"]
[WhiteElo "1904"]
[BlackElo "765"]

1. e4 c6 2. d4 d5 3. e5 Bf5 4. f4 e6 5. Nf3 c5 6. c3 c4 7. Be3 Nc6 8. Qa4 Nge7
9. Nbd2 Qa5 10. Qxa5 Nxa5 11. b4 cxb3 12. Bb5+ Nac6 13. axb3 a6 14. O-O g6 15.
Be2 Bg7 16. h3 O-O 17. g4 Be4 18. Nxe4 dxe4 19. Ng5 Nd5 20. Bd2 e3 21. Be1 h6
22. Ne4 Nce7 23. c4 Nc7 24. Bb4 Rfe8 25. Nd6 Reb8 26. Bf3 Nc6 27. Bc3 Ra7 28.
Rfe1 Nd8 29. Rxe3 b5 30. Ba5 bxc4 31. bxc4 Na8 32. Ree1 f5 33. Rab1 Rxb1 34.
Rxb1 Nc6 35. Bxc6 Nc7 36. Rb8+ Kh7 37. Bb6 Ra8 38. Bxc7 Rxb8 39. Bxb8 fxg4 40.
hxg4 h5 41. Kg2 Kh6 42. Bd7 a5 43. Bxe6 a4 44. Bg8 g5 45. Nf7+ Kg6 {#r} 1-0

[Event "ICU MVCC Ch (Challenger)"]
[Site "Twin Falls, ID"]
[Date "2012.03.24"]
[Round "1.2"]
[White "Dugger, Gary"]
[Black "Porth, Desmond"]
[Result "0-1"]
[WhiteElo "1280"]
[BlackElo "1000"]

1. e4 e6 2. d4 d5 3. e5 c5 4. c3 Nc6 5. Bb5 Bd7 6. Nf3 Qb6 7. Bxc6 Bxc6 8. O-O
O-O-O 9. b3 Bb5 10. Re1 cxd4 11. cxd4 Bb4 12. Qc2+ Kb8 13. Bd2 Bxd2 14. Qxd2
Rc8 15. Nc3 Ne7 16. Nxb5 Qxb5 17. Ng5 Qe8 18. Qf4 h6 19. Qxf7 hxg5 20. Qxe6
Rc6 21. Qg4 Qg6 22. Rac1 Rhc8 23. Rxc6 Rxc6 24. Qd7 Qe6 25. Qd8+ Rc8 26. Qd6+
Qxd6 27. exd6 Nf5 28. d7 Rd8 29. Re8 Kc7 30. Re5 Nxd4 31. Rxd5 Rxd7 32. Rc5+
Kb6 33. Rc4 Kb5 34. g3 Ne2+ 35. Kf1 Rd2 36. a4+ Kb6 37. Rb4+ Kc6 38. Rc4+ Kd6
39. Rg4 Nc3 40. Rxg5 Rd1+ 41. Kg2 Rb1 42. Rxg7 Rxb3 43. Rg6+ Kc5 44. Rg5+ {(By
this point, both players stopped recording the moves.)} {#R} 0-1

[Event "ICU MVCC Ch (Challenger)"]
[Site "Twin Falls, ID"]
[Date "2012.03.24"]
[Round "2.1"]
[White "Puderbaugh, Kory"]
[Black "Porth, Desmond"]
[Result "0-1"]
[WhiteElo "2500"]
[BlackElo "1000"]

1. e4 e6 2. d4 d5 3. exd5 exd5 4. Nf3 c5 5. dxc5 Bxc5 6. Nc3 Nf6 7. Bg5 Be6 8.
Be2 Nc6 9. O-O O-O 10. Qd2 Bb4 11. Rad1 h6 12. Bh4 a6 13. a3 Ba5 14. h3 b5 15.
Nh2 d4 16. Bxf6 Qxf6 17. Ne4 Qe5 18. Qd3 Bc7 19. Nf3 Qf5 20. Nxd4 Nxd4 21.
Qxd4 Rad8 22. Qe3 Qe5 23. f4 Qxb2 24. f5 Bc4 25. f6 Rxd1 26. Rxd1 Bxe2 27.
Qxe2 Bb6+ 28. Kh1 g5 29. h4 Qe5 30. hxg5 hxg5 31. Qh5 Qxe4 32. Qxg5+ Qg6 33.
Qxg6+ fxg6 34. Rd6 Bd8 35. Rxa6 Rxf6 36. Ra7 Rf1+ 37. Kh2 Rf7 38. Ra8 Rf8 39.
Kh3 Be7 40. Ra7 Bc5 {(At this point, the players stopped recording.)} {#R} 0-1

[Event "ICU MVCC Ch (Challenger)"]
[Site "Twin Falls, ID"]
[Date "2012.03.24"]
[Round "3.1"]
[White "Porth, Desmond"]
[Black "Featherston, Scott"]
[Result "1-0"]
[WhiteElo "1000"]
[BlackElo "1000"]

1. d4 d5 2. Nf3 Nc6 3. e3 a6 4. Bd3 Bg4 5. Nbd2 e6 6. a3 Qd7 7. O-O Bd6 8. b3
Nf6 9. Bb2 O-O-O 10. Qe2 e5 11. dxe5 Bxe5 12. Bxe5 Nxe5 13. h3 Bxf3 14. Nxf3
Nxf3+ 15. Qxf3 Rhe8 16. Bf5 Re6 17. Bxe6 Qxe6 18. Rad1 Rd7 19. Rfe1 Ne4 20.
Rd3 Ng5 21. Qg3 h6 22. Red1 c6 23. Qg4 f5 24. Qe2 Qg6 25. c4 Nxh3+ 26. Kf1 Ng5
27. cxd5 Ne4 28. dxc6 Rxd3 29. Qxd3 bxc6 30. Qd8+ Kb7 31. Rd7# 1-0

[Event "ICU MVCC Ch (Challenger)"]
[Site "Twin Falls, ID"]
[Date "2012.03.24"]
[Round "4.1"]
[White "Porth, Desmond"]
[Black "Winchell, Nathanael"]
[Result "1-0"]
[WhiteElo "1000"]
[BlackElo "1000"]

1. d4 d5 2. Nf3 e6 3. e3 Nc6 4. Bd3 Bd6 5. a3 b6 6. O-O Nf6 7. Nbd2 O-O 8. b3
a5 9. Bb2 Ba6 10. Qe2 Bxd3 11. Qxd3 Ne7 12. e4 dxe4 13. Nxe4 Nxe4 14. Qxe4 Nd5
15. Ng5 Nf6 16. Qd3 g6 17. Qh3 Nh5 18. Nf3 Nf4 19. Qh6 Nd5 20. Ng5 Nf6 21. d5
Re8 22. Bxf6 Qxf6 23. Qxh7+ Kf8 24. Qh6+ Ke7 25. Rfe1 Rh8 26. Nh7 Qd4 27. Qg5+
Ke8 28. Nf6+ Kf8 29. g3 exd5 30. Nd7+ Kg7 31. Rad1 Qb2 32. Qxd5 Bxa3 33. Ne5
Bd6 34. Qxf7+ Kh6 35. Qxg6# 1-0

[Event "MH Spring Tourny"]
[Site "Mountain Home, ID"]
[Date "2012.04.28"]
[Round "1.1"]
[White "Olsoy, Peter"]
[Black "Porth, Desmond"]
[Result "1-0"]
[WhiteElo "1700"]
[BlackElo "1045"]

1. d4 e6 2. e4 d5 3. e5 c5 4. c3 Nc6 5. Bb5 Nge7 6. Ne2 a6 7. Ba4 b5 8. Bc2 c4
9. Bg5 Qb6 10. Nd2 Nf5 11. Nf3 b4 12. O-O Be7 13. Bxe7 Nfxe7 14. Ng3 O-O 15.
Ng5 g6 16. Qg4 h6 17. Nf3 Bb7 18. Nh5 Rfd8 19. Nf6+ Kf8 20. h4 h5 21. Qg5 Ng8
22. Nxg8 Kxg8 23. Qh6 Qc7 24. Ng5 Rd7 25. Qh7+ Kf8 26. Qh8+ Ke7 27. Qg7 Ke8
28. Qg8+ Ke7 29. Qxf7+ Kd8 30. Qf8# 1-0

[Event "MH Spring Tourny"]
[Site "Mountain Home, ID"]
[Date "2012.04.28"]
[Round "2.5"]
[White "Porth, Desmond"]
[Black "Featherston, Scott"]
[Result "0-1"]
[WhiteElo "1045"]
[BlackElo "1000"]

1. d4 d5 2. Nf3 Nc6 3. e3 Nf6 4. Bd3 h6 5. O-O Bg4 6. Nbd2 e6 7. a3 Bd6 8. b3
Qe7 9. Bb2 Bf5 10. Bxf5 exf5 11. Qe2 a6 12. c4 Nd8 13. Rac1 c6 14. cxd5 Nxd5
15. Rfe1 Nf6 16. Nc4 Bc7 17. Nce5 O-O 18. Qd3 Ne4 19. g4 Ne6 20. gxf5 N6g5 21.
Nxg5 Nxg5 22. Qe2 Nh3+ 23. Kh1 Qh4 24. Rf1 Bxe5 25. dxe5 Rfe8 26. Qf3 Ng5 27.
Qg2 Qe4 28. Qxe4 Nxe4 29. Rc2 Rad8 30. Rg1 Ng5 31. f6 g6 32. f4 Rd3 33. fxg5
Rxe3 34. gxh6 Kh7 35. Rc3 Re2 36. Rg2 Re1+ 37. Rg1 R1xe5 38. Rh3 Re1 39. Rd3
Rxg1+ 40. Kxg1 Re1+ 41. Kf2 Rh1 42. Kg2 Re1 43. Kf2 Rb1 44. Be5 Kxh6 45. Rd7
Rxb3 46. Rxf7 Rb5 47. Bd6 Rf5+ 48. Ke3 b5 49. Bf4+ g5 50. Bd6 Kg6 51. Kd4 Rd5+
52. Ke4 Rxd6 53. Ra7 {At this point, Black tried to play the illegal move of
53...c4. So 2 minutes was added to White's clock and Black was forced to play
53...c5.} c5 54. f7 Rf6 55. Kd5 Rf5+ 56. Ke4 c4 57. Kd4 Rf4+ {And by this
time, BOTH players had stopped recording. Final position was that Black had a
K on b3 and R on c1, and White's K was on a1.--Roland.} {#R} 0-1

[Event "MH Spring Tourny"]
[Site "Mountain Home, ID"]
[Date "2012.04.28"]
[Round "3.8"]
[White "Hagensen, Adam"]
[Black "Porth, Desmond"]
[Result "0-1"]
[WhiteElo "1000"]
[BlackElo "1000"]

1. c4 Nc6 2. Nc3 Nf6 3. Nf3 e6 4. Qb3 d5 5. cxd5 exd5 6. Na4 Bd6 7. g4 Nxg4 8.
d3 b6 9. Bh3 O-O 10. Bg5 Be7 11. Bf4 Bf5 12. O-O-O Qd7 13. Rhe1 Nxf2 14. Bxf5
Qxf5 15. Kb1 Nxd1 16. Rxd1 Qxf4 17. Ne1 Qe5 18. h4 Nd4 19. Qc3 Qxe2 20. Rc1
Bf6 21. Qxd4 Bxd4 22. Rxc7 b5 23. Nc5 Qxb2# 0-1

[Event "Southern Idaho Open"]
[Site "Twin Falls, ID"]
[Date "2012.11.03"]
[Round "1.7"]
[White "Porth, Dylan"]
[Black "Bartell, Fred"]
[Result "0-1"]
[WhiteElo "483"]
[BlackElo "1675"]

1. e4 c5 2. Nc3 Nc6 3. Nf3 d6 4. d3 Nf6 5. Be2 h6 6. O-O e6 7. Be3 Ng4 8. Bf4
Be7 9. d4 cxd4 10. Nxd4 Nxd4 11. Qxd4 e5 12. Qa4+ Bd7 13. Bb5 exf4 14. Bxd7+
Qxd7 15. Qxd7+ Kxd7 16. Ne2 Rac8 17. c3 g5 18. h3 Ne5 19. Rad1 f3 20. gxf3
Nxf3+ 21. Kg2 Ne5 22. Rd5 Rc5 23. Rfd1 Rxd5 24. Rxd5 Rg8 25. f3 Nc4 26. b3
Ne3+ 27. Kf2 Nxd5 28. exd5 Bf6 29. c4 a6 30. a4 h5 31. Kg3 Be5+ 32. f4 gxf4+
33. Kf3 h4 34. b4 b6 35. b5 axb5 36. Ke4 bxa4 37. Nc1 f5+ 38. Kxf5 f3 39. Nd3
f2 40. Nxf2 Rf8+ 41. Ke4 Rxf2 42. Ke3 Rh2 43. Kd3 a3 44. Ke4 a2 45. Kf5 a1=Q
46. Kg6 Qg1+ 47. Kf5 Rf2+ 48. Ke4 Qe1+ 49. Kd3 Rd2# 0-1

[Event "Southern Idaho Open"]
[Site "Twin Falls, ID"]
[Date "2012.11.03"]
[Round "4.7"]
[White "Henderson, Michael"]
[Black "Porth, Dylan"]
[Result "1-0"]
[WhiteElo "1856"]
[BlackElo "483"]

1. e4 e5 2. Nf3 Nc6 3. Bb5 Nge7 4. c3 d6 5. d4 a6 6. Ba4 Ng8 7. Bxc6+ bxc6 8.
dxe5 dxe5 9. Qxd8+ Kxd8 10. Nxe5 Ke8 11. O-O Nf6 12. Re1 Bc5 13. h3 {The Black
King has moved, so castling is illegal. However, neither player caught it, so
the game continued. 13...0-0 14.Bf4 Bd6 15.Nd2 Be6 16.Nd3 c5 17.e5 Nd5 18.Bg3
Be7 19.Nf4 Rad8 20.Nxe6 fxe6 21.Nc4 Bg5 22.Re2 Bf4 23.Bxf4 Nxf4 24.Rd2 Rde8
25. Rad1 Ng6 26.g3 Rf5 27.f4 Ref8 28.Na5 Rh5 29.Kg2 Ne7 30.c4 h6 31.Nb7 Kf7
and no more moves were recorded.} {#r} 1-0

[Event "WIO (Reserve)"]
[Site "Boise, ID"]
[Date "2012.12.08"]
[Round "1.4"]
[White "Patterson, Kevin R"]
[Black "Porth, Dylan"]
[Result "1-0"]
[WhiteElo "1225"]
[BlackElo "489"]

1. e4 e5 2. Bc4 Nf6 3. Nf3 Nc6 4. d3 d6 5. Nc3 Be7 6. O-O O-O 7. Nd5 Nxd5 8.
Bxd5 Nb4 9. Bb3 d5 10. a3 Na6 11. Bxd5 c6 12. Ba2 Bc5 13. Nxe5 Qf6 14. Nf3 Be6
15. Bxe6 Qxe6 16. Bd2 Rad8 17. Bc3 Bb6 18. Qe2 Nc5 19. Bb4 Qf6 20. Bxc5 Bxc5
21. c3 b5 22. d4 Bb6 23. e5 Qe6 24. Qe4 Qg6 25. Qxg6 hxg6 26. Ng5 a5 27. Rad1
c5 28. Nf3 b4 29. axb4 axb4 30. Rfe1 cxd4 31. cxd4 f6 32. e6 Rfe8 33. d5 Bc5
34. Re4 f5 35. Rc4 Rc8 36. Ng5 Red8 37. Nf7 Rf8 38. Ne5 Bd6 39. Rxc8 Rxc8 40.
Nc6 g5 41. g3 f4 42. gxf4 gxf4 43. Rc1 Rf8 44. Rc4 Rf5 45. Nxb4 Rg5+ 46. Kf1
Bxb4 47. Rxb4 Rxd5 48. Rxf4 Rd1+ 49. Ke2 Rb1 50. e7 Rxb2+ 51. Kf3 Rb3+ 52. Kg4
Rb8 53. h4 Kh7 54. Rf8 Rxf8 55. exf8=Q Kg6 56. Qf5+ Kh6 57. Qh5# 1-0

[Event "WIO (Reserve)"]
[Site "Boise, ID"]
[Date "2012.12.08"]
[Round "2.7"]
[White "Blake, Isaac R R"]
[Black "Porth, Desmond"]
[Result "0-1"]
[WhiteElo "763"]
[BlackElo "915"]

1. Nf3 Nc6 2. d3 e5 3. Nbd2 Bc5 4. g3 Nf6 5. Bg2 O-O 6. O-O d6 7. Re1 Bg4 8.
h3 Be6 9. c4 Qd7 10. b3 Bxh3 11. Bxh3 Qxh3 12. e4 Ng4 13. Bb2 Bxf2# 0-1

[Event "WIO (Reserve)"]
[Site "Boise, ID"]
[Date "2012.12.08"]
[Round "3.4"]
[White "Porth, Desmond"]
[Black "Clark, Riley Mae"]
[Result "1-0"]
[WhiteElo "915"]
[BlackElo "101"]

1. d4 d5 2. Nf3 Nc6 3. e3 Nf6 4. Bd3 e6 5. O-O Bd6 6. b3 O-O 7. Bb2 Bd7 8.
Nbd2 e5 9. Nxe5 Nxe5 10. dxe5 Bxe5 11. Bxe5 Bg4 12. Be2 Qd7 13. Bxf6 Qf5 14.
Bb2 Bxe2 15. Qxe2 Qxc2 16. Rab1 Rae8 17. Qg4 g6 18. Qd4 f6 19. Qxd5+ Rf7 20.
Nf3 c6 21. Qd4 b6 22. Rbc1 Qe2 23. Rxc6 Ref8 24. Ba3 Qxf1+ 25. Kxf1 Re8 26.
Rxf6 Rxf6 27. Qxf6 b5 28. Bb2 Re7 29. Qxe7 {#r} 1-0

[Event "WIO (Reserve)"]
[Site "Boise, ID"]
[Date "2012.12.09"]
[Round "4.3"]
[White "Patterson, Kevin R"]
[Black "Porth, Desmond"]
[Result "1/2-1/2"]
[WhiteElo "1225"]
[BlackElo "915"]

1. e4 e5 2. Bc4 Bc5 3. Nf3 Nc6 4. c3 Nf6 5. d3 d6 6. Bg5 O-O 7. Nbd2 h6 8.
Bxf6 Qxf6 9. Nf1 Be6 10. Bxe6 Qxe6 11. Ng3 Rad8 12. Qb3 Qxb3 13. axb3 d5 14.
b4 Bb6 15. b5 Ne7 16. Nxe5 dxe4 17. d4 Rd5 18. O-O c5 19. bxc6 Nxc6 20. Nxc6
bxc6 21. Nxe4 Re8 22. Nc5 Re2 23. b4 Rc2 24. Rac1 Ra2 25. Ra1 Rc2 {#d} 1/2-1/2

[Event "WIO (Reserve)"]
[Site "Boise, ID"]
[Date "2012.12.09"]
[Round "5.3"]
[White "Porth, Desmond"]
[Black "Lang, Jamie"]
[Result "0-1"]
[WhiteElo "915"]
[BlackElo "1355"]

1. d4 Nf6 2. Nf3 d5 3. e3 Bg4 4. Nbd2 e6 5. h3 Bh5 6. Bd3 Nc6 7. b3 Bb4 8. Be2
Ne4 9. O-O Nc3 10. Qe1 Ne4 11. Ne5 Bxe2 12. Qxe2 Bxd2 13. Bxd2 Nxe5 14. dxe5
O-O 15. f3 Ng3 16. Qf2 Nxf1 17. Qxf1 c5 18. Rd1 Qc7 19. f4 f6 20. exf6 gxf6
21. c4 d4 22. exd4 cxd4 23. Qe1 e5 24. Qg3+ Kh8 25. fxe5 Rg8 26. Qf4 fxe5 27.
Qf6+ Qg7 28. Bg5 Rgf8 29. Rf1 Rxf6 30. Bxf6 d3 31. Bxg7+ Kxg7 32. Rd1 e4 33.
Kf2 Kf6 34. Ke3 Ke5 35. g4 Rf8 36. Rh1 Rf3+ 37. Kd2 Rf2+ 38. Ke1 Rxa2 39. Rf1
Ra1+ 40. Kf2 e3+ 41. Kg1 Rxf1+ 42. Kxf1 Kd4 43. Ke1 Kc3 44. g5 e2 45. h4 d2+
46. Kxe2 Kc2 {#R} 0-1

[Event "WIO (Reserve)"]
[Site "Boise, ID"]
[Date "2012.12.09"]
[Round "5.8"]
[White "Porth, Dylan"]
[Black "Blake, Isaac R R"]
[Result "1/2-1/2"]
[WhiteElo "489"]
[BlackElo "763"]

1. e4 c6 2. Nc3 d5 3. d3 d4 4. Nce2 e5 5. Nf3 Bd6 6. Bg5 Nf6 7. Nc1 Be6 8. Be2
Nbd7 9. O-O O-O 10. Nb3 h6 11. Bd2 Nh5 12. Na5 Rb8 13. c3 Qf6 14. Nc4 Bc7 15.
Na3 Qg6 16. cxd4 exd4 17. Nxd4 Bh3 18. Bf3 Bf4 19. Re1 Qg5 20. Bb4 c5 21. g3
Bxg3 22. fxg3 cxb4 23. Nab5 Nxg3 24. Qd2 Nxe4+ 25. Qxg5 Nxg5 26. Bh5 g6 27.
Bd1 a6 28. Nd6 Nc5 29. Re3 Rbd8 30. Nf3 Nxf3+ 31. Rxf3 Rxd6 32. Rxh3 Rxd3 33.
Rxh6 Re8 34. Rc1 Re1+ 35. Kf2 Rdxd1 36. Rxd1 Rxd1 37. Kf3 Rd3+ 38. Kf4 Ne6+
39. Ke5 Re3+ 40. Kf6 Rf3+ 41. Ke5 Rf5+ 42. Ke4 Ng5+ 43. Kd4 Nf3+ 44. Kc4 a5
45. Rh3 b5+ 46. Kd3 Rd5+ 47. Ke4 Rf5 48. Rxf3 Rxf3 49. Kxf3 a4 50. b3 f5 51.
Ke3 Kf7 52. Kf4 Kf6 53. h4 Kg7 54. Kg5 Kh7 55. h5 gxh5 56. Kxh5 Kg7 57. Kg5
Kf7 58. Kxf5 Ke7 59. Ke5 Kd7 60. Kd5 Kc7 61. Kc5 Kd7 62. Kxb5 Kd6 63. Kxb4 Kc6
64. Kxa4 Kb6 65. a3 Ka6 66. Kb4 Kb6 67. a4 Ka6 68. a5 Kb7 69. Kb5 Ka7 70. b4
Kb7 71. a6+ Kb8 72. Ka5 Ka8 73. b5 Ka7 74. b6+ Kb8 75. a7+ Ka8 76. Ka6 {#d}
1/2-1/2

[Event "MVCC Ch (Challenger)"]
[Site "Twin Falls, Idaho"]
[Date "2013.03.23"]
[Round "1.2"]
[White "Mabry, William B"]
[Black "Porth, Dylan"]
[Result "1-0"]
[WhiteElo "1269"]
[BlackElo "1017"]

1. e4 e5 2. Nf3 Nc6 3. d4 exd4 4. Nxd4 Nxd4 5. Qxd4 Nf6 6. Bg5 Be7 7. Bc4 c6
8. Nc3 d5 9. exd5 cxd5 10. Bxf6 Bxf6 11. Qe3+ Qe7 12. Qxe7+ Bxe7 13. Bb5+ Bd7
14. Bxd7+ Kxd7 15. Nxd5 Bc5 16. O-O-O Bxf2 17. Nb6+ Kc7 18. Nxa8+ Rxa8 19. Kb1
b5 20. Rhf1 Bc5 21. Rxf7+ Kb6 22. Rxg7 Rh8 23. g4 Bf8 24. Rgd7 h5 25. g5 h4
26. Rd8 Rg8 27. Rg1 Kc7 28. Ra8 Kd7 29. Rxa7+ Ke8 30. g6 Bc5 31. Ra8+ Ke7 32.
Re1+ Kf6 33. Rxg8 Bf2 34. Rf8+ Kxg6 35. Rxf2 Kg5 36. Rg1+ Kh5 37. Rf5+ Kh6 38.
Rgg5 h3 39. Rxb5 Kh7 40. Rb6 Kh8 41. Rh6# 1-0

[Event "MVCC Ch (Challenger)"]
[Site "Twin Falls, Idaho"]
[Date "2013.03.23"]
[Round "3.1"]
[White "Porth, Dylan"]
[Black "Dugger, Gary"]
[Result "0-1"]
[WhiteElo "1017"]
[BlackElo "1278"]

1. e4 e5 2. Nf3 Nc6 3. Nc3 Nf6 4. Bc4 Nxe4 5. Nxe4 d5 6. Nc3 dxc4 7. d3 cxd3
8. cxd3 Bb4 9. Bd2 Qxd3 10. Qb1 Bf5 11. Qxd3 Bxd3 12. a3 Bxc3 13. Bxc3 e4 14.
Bxg7 Rg8 15. Be5 exf3 16. Bxc7 fxg2 17. Rg1 Nd4 18. Kd2 Bf1 19. Rgxf1 Nb3+ 20.
Kc3 Nxa1 21. Rg1 Rc8 22. Re1+ Kd7 23. Rd1+ Kxc7 24. Rg1 Kb6+ 25. Kb4 Nc2+ 26.
Kb3 Nd4+ 27. Ka4 Rc4+ 28. b4 Ka6 29. f4 b5# 0-1

[Event "Idaho Closed"]
[Site "Twin Falls, ID"]
[Date "2013.02.16"]
[Round "1.5"]
[White "Porth, Desmond"]
[Black "Bartell, Fred"]
[Result "0-1"]
[WhiteElo "924"]
[BlackElo "1711"]

1. d4 Nf6 2. Nf3 e6 3. e3 b6 4. Bd3 Bb7 5. b3 Nc6 6. Bb2 Nb4 7. O-O Nxd3 8.
Qxd3 Bxf3 9. gxf3 h5 10. Nd2 h4 11. Rfe1 Nh5 12. Kf1 Bd6 13. h3 Qf6 14. Ke2
Rh6 15. Kd1 Bb4 16. c3 Bd6 17. Qc4 Qd8 18. Rg1 f5 19. Qd3 Qe7 20. e4 Nf4 21.
Qf1 Qf7 22. e5 Bf8 23. Nc4 Qh5 24. Nd2 g5 25. Kc2 Rg6 26. Re1 g4 27. fxg4 fxg4
28. Rxg4 Rxg4 29. hxg4 Qxg4 30. Qh1 Rc8 31. Nf3 Qf5+ 32. Kd2 Qd3+ 33. Kc1 Ne2+
34. Rxe2 Qxe2 35. Nxh4 Qd3 36. Ng6 Qxg6 37. Kd1 Bh6 38. Ke1 Qb1+ 39. Ke2 Qxh1
40. Kd3 Qb1+ 41. Kc4 Qxb2 42. a4 c5 43. d5 Qe2# 0-1

[Event "MVCC Ch (Championship)"]
[Site "Twin Falls, Idaho"]
[Date "2013.03.23"]
[Round "1.5"]
[White "Porth, Desmond"]
[Black "Machin, Alex James"]
[Result "1-0"]
[WhiteElo "1058"]
[BlackElo "1664"]

1. d4 g6 2. Nf3 Bg7 3. e3 Nf6 4. Bd3 c5 5. b3 Nc6 6. Bb2 O-O 7. a3 d6 8. Nbd2
Bg4 9. Qe2 Re8 10. O-O e5 11. dxe5 Nxe5 12. Bb5 Nxf3+ 13. Nxf3 Re7 14. h3 Bd7
15. Bd3 d5 16. Qd2 Qc7 17. c4 Ne4 18. Qc2 Bxb2 19. Qxb2 dxc4 20. Bxc4 Qc6 21.
Ne5 Qf6 22. f4 Nd6 23. Rac1 Nxc4 24. bxc4 b6 25. Rf2 Bf5 26. g4 Be4 27. g5 Qf5
28. Ng4 Qc8 29. Nh6+ {#r} 1-0

[Event "MVCC Ch (Championship)"]
[Site "Twin Falls, Idaho"]
[Date "2013.03.23"]
[Round "2.2"]
[White "Imamovic, Nedzad"]
[Black "Porth, Desmond"]
[Result "1-0"]
[WhiteElo "1707"]
[BlackElo "1058"]

1. e4 e6 2. d4 d5 3. e5 c5 4. Nf3 Nc6 5. Bb5 Qc7 6. Be3 b6 7. Nc3 Bb7 8. Qe2
Nh6 9. Bxh6 gxh6 10. h3 Be7 11. Qe3 O-O-O 12. Qxh6 Nb4 13. O-O-O Rdg8 14. Rhg1
cxd4 15. Rxd4 Bc5 16. Rd2 d4 17. Nxd4 Bxd4 18. Rxd4 Qxe5 19. Rxb4 Rxg2 20. Rf1
Rhg8 21. Qe3 Qh5 22. Ne4 Bxe4 23. Qxe4 Rg1 24. Rc4+ Kd8 25. Qd3+ Qd5 26. Qxd5+
exd5 27. Rd4 Rxf1+ 28. Bxf1 Rg1 29. Rxd5+ Ke7 30. Rd1 Kf6 31. Kd2 Kf5 32. Ke2
Ke4 33. Rd7 Rg6 34. Rxf7 Rc6 35. Bg2+ Ke5 36. Bxc6 Ke6 37. Rxh7 Kd6 38. Rxa7
Kxc6 39. Re7 b5 40. h4 b4 41. h5 Kc5 42. h6 Kc4 43. h7 b3 44. axb3+ Kb4 45.
h8=Q Kb5 46. Qe5+ Kb6 47. Qc7+ Ka6 48. Re6+ Kb5 49. Qb6# 1-0

[Event "MVCC Ch (Championship)"]
[Site "Twin Falls, Idaho"]
[Date "2013.03.23"]
[Round "3.5"]
[White "Porth, Desmond"]
[Black "Vereshchagin, Aleksandr"]
[Result "1-0"]
[WhiteElo "1058"]
[BlackElo "1426"]

1. d4 d5 2. Nf3 Nf6 3. e3 Bf5 4. Bd3 Bd7 5. b3 Nc6 6. a3 e6 7. Bb2 a6 8. Nbd2
Bd6 9. Qe2 h6 10. Ne5 Be7 11. Ndf3 Nb8 12. Nh4 Ng8 13. Qh5 g6 14. Nhxg6 Nf6
15. Qh3 fxg6 16. Bxg6+ Kf8 17. Nf7 Kg7 18. Nxd8 Kxg6 19. Qg3+ Kh7 20. Nf7 Rg8
21. Qxc7 Nc6 22. O-O-O Rxg2 23. Rhg1 Rag8 24. Rgf1 Kg7 25. Ne5 Rc8 26. Qxb7
Nd8 27. Qxa6 Rc7 28. Rg1 Rxg1 29. Rxg1+ Kf8 30. Ng6+ Kf7 31. Nh8+ Kf8 32. Qd3
Ke8 33. Qg6+ Kf8 34. Qxh6+ Ke8 35. Ng6 Nf7 36. Qg7 Bc6 37. Ne5 Bf8 38. Qxf7+
Rxf7 39. Nxf7 Kxf7 40. h4 Ne4 41. h5 Bh6 42. f3 Nf6 43. f4 Be8 44. a4 Nxh5 45.
a5 Bb5 46. Kd2 Nf6 47. Ra1 Ne4+ 48. Ke1 Ba6 49. b4 Nd6 50. Rb1 Bf8 51. Kf2 Nc4
52. c3 Kf6 53. Ba1 Nd6 54. Rh1 Bg7 55. Rh5 Ne4+ 56. Kf3 Nd6 57. Re5 Kf7 58.
Rh5 Kf6 59. Re5 Kf7 60. Rh5 Kf6 61. Rh4 Kf5 62. Rg4 Kf6 63. Bb2 Nc4 64. Bc1
Nd6 65. Bd2 Kf5 66. Rxg7 {#r} 1-0

[Event "MVCC Ch (Championship)"]
[Site "Twin Falls, Idaho"]
[Date "2013.03.23"]
[Round "4.2"]
[White "Porth, Desmond"]
[Black "Roland, Jeffrey T"]
[Result "0-1"]
[WhiteElo "1058"]
[BlackElo "1690"]

1. d4 Nf6 2. Nf3 g6 3. e3 Bg7 4. Bd3 O-O 5. b3 c5 6. Bb2 cxd4 7. exd4 d5 8.
Nbd2 Nc6 9. a3 Ne4 10. Nxe4 dxe4 11. Bxe4 Bg4 12. c3 Qc7 13. Qd3 Rad8 14. O-O
Na5 15. Qb5 Bd7 16. Qb4 e6 17. Rfd1 Rfe8 18. Rd3 Bf8 19. Rc1 Bxb4 20. cxb4
Qxc1+ 21. Bxc1 f5 22. Bxf5 exf5 23. bxa5 Rc8 24. Be3 Bb5 25. Rd2 Rc1+ {#R} 0-1

[Event "ICA Summer Classic (Reserve)"]
[Site "Boise, ID"]
[Date "2013.08.17"]
[Round "1.5"]
[White "Porth, Desmond"]
[Black "Sawyer, Paul"]
[Result "1-0"]
[WhiteElo "1036"]
[BlackElo "406"]
[EventRounds "5"]
[EventCountry "USA"]

1. e4 e6 2. Nf3 d5 3. exd5 exd5 4. d4 Nf6 5. Bd3 Bd6 6. O-O O-O 7. Re1 Re8 8.
Bg5 Rxe1+ 9. Qxe1 h6 10. Bxf6 gxf6 11. Qe3 Qe7 12. Qxh6 Qf8 13. Qh7# 1-0

[Event "ICA Summer Classic (Reserve)"]
[Site "Boise, ID"]
[Date "2013.08.17"]
[Round "3.2"]
[White "Porth, Desmond"]
[Black "Lang, Jamie"]
[Result "1/2-1/2"]
[WhiteElo "1036"]
[BlackElo "1380"]
[EventRounds "5"]
[EventCountry "USA"]

1. e4 e5 2. Nf3 Nc6 3. Bb5 a6 4. Ba4 d6 5. h3 b5 6. Bb3 Nf6 7. c3 Be7 8. O-O
O-O 9. d4 exd4 10. Nxd4 Na5 11. Bc2 c5 12. Nf3 Bb7 13. Re1 Nc4 14. b3 Ne5 15.
Ba3 Nxf3+ 16. Qxf3 Nd7 17. Nd2 Bf6 18. Rad1 Qa5 19. Nb1 Ne5 20. Qf5 Bc8 21. b4
{#d} 1/2-1/2

[Event "ICA Summer Classic (Reserve)"]
[Site "Boise, ID"]
[Date "2013.08.18"]
[Round "5.3"]
[White "Roberts, Zane A"]
[Black "Porth, Desmond"]
[Result "0-1"]
[WhiteElo "1237"]
[BlackElo "1036"]
[EventRounds "5"]
[EventCountry "USA"]

1. e4 c6 2. d4 d5 3. exd5 cxd5 4. Bd3 Nc6 5. Nf3 a6 6. O-O Bg4 7. c3 e6 8. h3
Bxf3 9. Qxf3 Nf6 10. Re1 Be7 11. Bf4 Qb6 12. Re2 Rc8 13. g4 h6 14. g5 hxg5 15.
Bxg5 Ne4 16. Bxe7 Kxe7 17. Bxe4 dxe4 18. Qxe4 Rxh3 19. Na3 Qc7 20. Qg2 Rch8
21. f3 Rg3 {#R} 0-1